V prospech spoločensky neprispôsobených občanov a občanov, ktorí potrebujú osobitnú pomoc v okrese

Bibliographic Details
Main Author: Ciberajová, Eleonóra (Author)
Format: Article
Language:Slovak
Subjects:

MARC

LEADER 00000nab a2200000 a 4500
001 vtls001001523
003 SK-MaSNL
005 20260305033753.0
008 040720e19960000xo 0 slo
035 |a RV2123 
040 |a RVGKPD  |b slo  |c RVGKPD  |e AACR2 
041 0 |a slo 
044 |a xo  |c SK 
080 |a 362.94  |2 1981 
100 1 |a Ciberajová, Eleonóra  |4 aut  |9 1614657 
245 1 0 |a V prospech spoločensky neprispôsobených občanov a občanov, ktorí potrebujú osobitnú pomoc v okrese 
650 0 7 |a občania spoločensky neprispôsobení  |2 RVGKPD  |9 1004263 
650 0 7 |a sociálna starostlivosť  |2 RVGKPD  |9 3737 
651 7 |a Rožňava (Slovensko : okres)  |2 RVGKPD  |9 19215 
655 7 |a periodikum  |2 snkbucl  |9 29553 
773 0 8 |t Informačný Vestník Okresného úradu v Rožňave  |g Roč. 5, č.2 (1996), s. 4 
852 |a ZVYKNI  |b KIS3GCP 
999 |c 3325813  |d 3327743